[Event "Washington Class Championships"]
[Site "Lynnwood, WA"]
[Date "2013.11.30"]
[Round "3"]
[White "Wilson Zuberi  (WA)"]
[Black "Tu Robin  (WA)"]
[Result "0-1"]
[WhiteElo "1500"]
[BlackElo "1538"]
[Annotator ""]
[Source ""]
[Remark "C"]

1.e4 d6 2.Nf3 Nf6 3.Nc3 g6 4.Bc4 Bg7 5.d3 O-O 6.h3 c5 7.Be3 Nc6
8.Qd2 Re8 9.O-O-O Na5 10.Bb5 Bd7 11.Bxd7 Qxd7 12.Bh6 Bh8 13.Rdg1
b5 14.g4 b4 15.Ne2 Qa4 16.Kb1 c4 17.c3 Rab8 18.d4 Nxe4 19.Qe3
bxc3 20.Nxc3 Nxc3+ 21.Qxc3 Rb5 22.Bc1 Reb8 23.Re1 Nc6 24.Re2
Ra5 25.Rg1 Qxa2+ 26.Kc2 Qb3+ 27.Qxb3 Rxb3 28.Re3 Nxd4+ 29.Nxd4
Bxd4 30.Rxb3 cxb3+ 31.Kxb3 Bxf2 32.Rf1 Bd4 33.Re1 e5 34.g5 Kg7
35.Rf1 e4 36.Rf4 Re5 37.Kc4 Bb6 38.b3 Rc5+ 39.Kd4 Rxc1+ 40.Kxe4
Rc3 41.Rf3 Rxf3 42.Kxf3 f6 43.h4 h6 44.gxf6+ Kxf6 45.Kf4 g5+
46.hxg5+ hxg5+ 47.Ke4 d5+ 48.Kf3 Kf5 49.Ke2 g4 50.Kf1 Kf4 51.Kg2
d4 52.b4 d3 53.Kf1 Kf3 54.b5 g3 55.Ke1 g2 56.Kd2 g1Q 57.Kxd3
Qd4+ 58.Kc2 Ke3 59.Kb3 Kd3 60.Ka3 Bc5+ 0-1

[Event "Washington Class Championships"]
[Site "Lynnwood, WA"]
[Date "2013.11.30"]
[Round "3"]
[White "Fryberg Skylor  (WA)"]
[Black "Talyansky Seth  (OR)"]
[Result "1-0"]
[WhiteElo "1894"]
[BlackElo "1789"]
[Annotator ""]
[Source ""]
[Remark "A"]

1.e4 e5 2.Nf3 Nc6 3.Bb5 a6 4.Ba4 d6 5.c3 Bd7 6.O-O Nf6 7.d4 b5
8.Bb3 h6 9.h3 g6 10.Re1 Bg7 11.Nbd2 O-O 12.Nf1 Re8 13.d5 Ne7
14.c4 Nh7 15.Bd2 bxc4 16.Bxc4 g5 17.g4 c6 18.dxc6 Nxc6 19.Bc3
Be6 20.Ne3 Nf6 21.Qa4 Qb6 22.Rad1 Nxe4 23.Bxe6 Nxc3 24.Bxf7+
Kxf7 25.bxc3 Bf8 26.Qc4+ Kg7 27.Nf5+ Kh8 28.Nxd6 Re7 29.Nf5 Rc7
30.Qe6 Bg7 31.Nxg7 Rxg7 32.Rd6 1-0

[Event "Washington Class Championships"]
[Site "Lynnwood, WA"]
[Date "2013.11.30"]
[Round "2"]
[White "Raptis Nick  (OR)"]
[Black "Kalina Chris  (MN)"]
[Result "1-0"]
[WhiteElo "2350"]
[BlackElo "2131"]
[Annotator ""]
[Source ""]
[Remark "Master"]

1.Nf3 Nf6 2.g3 g6 3.Bg2 Bg7 4.O-O O-O 5.c4 c5 6.Nc3 Nc6 7.d4
d5 8.dxc5 dxc4 9.Qa4 Qa5 10.Qxc4 Be6 11.Qb5 Qxb5 12.Nxb5 Bc4
13.Nc3 Nd7 14.Be3 Nb4 15.Rad1 Rfd8 16.Nd4 Nxc5 17.a3 Nd5 18.Bxd5
Bxd5 19.Ndb5 Bb3 20.Rxd8+ Rxd8 21.Bxc5 a6 22.Na7 Rd2 23.Bxe7
Rxb2 24.Rc1 Bd4 25.Ne4 f5 26.Bf6 Bxf6 27.Nxf6+ Kf7 28.Nxh7 Rxe2
29.Nc8 Ke6 30.Ng5+ Kd7 31.Nb6+ Ke7 32.Nc4 b5 33.Ne3 Ra2 34.Rc6
Rxa3 35.Rxg6 a5 36.Nxf5+ Kd7 37.Ne4 Kc7 38.Nd4 Bc4 39.Rc6+ Kd7
40.Nc5+ Kd8 41.h4 Ra1+ 42.Kh2 Ke8 43.g4 a4 44.Ne4 Bd5 45.Rc3
{%02  (remainder of scoresheet missing moves)} 1-0

[Event "Washington Class Championships"]
[Site "Lynnwood, WA"]
[Date "2013.11.30"]
[Round "2"]
[White "Hendricks David  (WA)"]
[Black "Puri Ankush  (WA)"]
[Result "1-0"]
[WhiteElo "1693"]
[BlackElo "1759"]
[Annotator ""]
[Source ""]
[Remark "B"]

1.d4 g6 2.Bf4 Bg7 3.Nf3 d6 4.e3 Nd7 5.c4 b6 6.Nc3 Bb7 7.Bg3 e6
8.Be2 Ne7 9.O-O O-O 10.Rc1 Nf6 11.b4 a5 12.a3 Nf5 13.c5 bxc5
14.bxc5 Nxg3 15.hxg3 Qe7 16.cxd6 cxd6 17.Nb5 Rfc8 18.Qb3 Bd5
19.Bc4 Bxc4 20.Rxc4 Rxc4 21.Qxc4 Qd7 22.Rc1 Bf8 23.a4 Nd5 24.e4
Nb6 25.Qc7 Qxc7 26.Rxc7 Nxa4 27.Ng5 Rb8 28.Na7 h6 29.Nxf7 Rb1+
30.Kh2 Rd1 31.Nc6 Nb2 32.Nxa5 Rxd4 33.f3 Nd3 34.Nc6 Ra4 35.Nfd8
e5 36.Ne6 Ne1 37.Rc8 Kf7 38.Nxf8 Ra2 39.Nh7 Rxg2+ 40.Kh3 Rg1
41.Rc7+ Kg8 42.Nf6+ Kf8 43.Nd8 Rh1+ 44.Kg4 h5+ 45.Kg5 Nxf3+ 46.Kxg6
Nh4+ 47.gxh4 Rg1+ 48.Kxh5 1-0

[Event "Washington Class Championships"]
[Site "Lynnwood, WA"]
[Date "2013.11.30"]
[Round "2"]
[White "Yee Nathaniel  (WA)"]
[Black "Mathews Dan  (WA)"]
[Result "1/2-1/2"]
[WhiteElo "1679"]
[BlackElo "1750"]
[Annotator ""]
[Source ""]
[Remark "B"]

1.e4 e6 2.d4 c5 3.c3 cxd4 4.cxd4 d5 5.e5 Bb4+ 6.Bd2 Bxd2+ 7.Nxd2
Qb6 8.Nb3 ( 8.Nb3 Qb4+ 9.Qd2 Qxd2+ 10.Nxd2 Nc6 11.Bb5 a6 12.Bxc6+
bxc6 13.Rc1 Bd7 14.Ngf3 f6 15.O-O Ne7 16.Nb3 Rb8 17.Rc2 O-O 18.Re1
Ng6 19.Nc5 Rfd8 20.exf6 gxf6 21.Nxd7 Rxd7 22.Rxe6 Re7 23.Rexc6
Nh4 24.Rxf6 Nxf3+ 25.gxf3 Re1+ 26.Kg2 Kg7 27.Rxa6 Rg8 28.Rc7+
Kf8+ 29.Kh3 {1-0, Aldrich Justin - Dolin Jack, Detroit (USA) 1999} )
Qb4+ 9.Qd2 Qxd2+ 10.Nxd2 Nc6 11.Ngf3 Nge7 12.a3 Bd7 13.Bd3 O-O
14.O-O a6 15.b4 f6 16.Nb3 fxe5 17.dxe5 b6 18.Rfe1 Rfc8 19.Rac1
a5 20.b5 Nd8 21.a4 Nb7 22.Nbd4 Nc5 23.Bc2 Rc7 24.g4 Rac8 25.Rcd1
Nb7 26.Rd2 Rc4 27.h3 h6 28.Bb3 Rc3 29.Rc2 Rxc2 30.Bxc2 Rc3 31.Kg2
Nc5 32.Ra1 Be8 33.h4 Bg6 34.Bxg6 Nxg6 35.h5 Nf8 36.Nd2 Nfd7 37.f4
Kf7 38.N2f3 Rc4 39.Kf2 Ne4+ 40.Kg2 Ndc5 41.f5 Ng5 42.Nxg5+ hxg5
43.fxe6+ Nxe6 44.Nxe6 Kxe6 45.Kf3 Rc3+ 46.Kg2 Kxe5 47.Rf1 Ke4
48.Rf5 d4 49.Rxg5 Rc7 1/2-1/2

[Event "Washington Class Championships"]
[Site "Lynnwood, WA"]
[Date "2013.11.29"]
[Round "2"]
[White "Soetedjo James  (WA)"]
[Black "Dhingra Sangeeta  (WA)"]
[Result "1-0"]
[WhiteElo "1753"]
[BlackElo "1838"]
[Annotator ""]
[Source ""]
[Remark "A"]

1.d4 Nf6 2.c4 e6 3.Nc3 Bb4 4.Nf3 c5 5.e3 b6 6.Bd3 Nc6 7.O-O Bxc3
8.bxc3 O-O 9.d5 Na5 10.e4 d6 11.Bg5 Ba6 12.Qe2 Re8 13.Nd2 h6
14.Bh4 g5 15.Bg3 exd5 16.cxd5 c4 17.Bc2 Nxd5 18.Qh5 Nxc3 19.Qxh6
Ne2+ 20.Kh1 Nd4 21.e5 Nxc2 22.Ne4 Re6 23.Nf6+ Rxf6 24.exf6 Qf8
25.Qxg5+ Kh8 26.Qh5+ Kg8 27.Bxd6 Qxd6 28.Qg5+ Kf8 29.Rae1 1-0

[Event "Washington Class Championships"]
[Site "Lynnwood, WA"]
[Date "2013.11.29"]
[Round "2"]
[White "Talyansky Seth  (OR)"]
[Black "Mitchell Mika  (WA)"]
[Result "1/2-1/2"]
[WhiteElo "1789"]
[BlackElo "1820"]
[Annotator ""]
[Source ""]
[Remark "A"]

1.e4 d5 2.exd5 Nf6 3.Nf3 Nxd5 4.d3 Nc6 5.Be2 e5 6.O-O Be7 7.d4
exd4 8.Nxd4 Nxd4 9.Qxd4 O-O 10.c3 Be6 11.Nd2 Bf6 12.Qe4 c6 13.Nb3
b6 14.Nd4 Bd7 15.Bd3 g6 16.Bd2 Re8 17.Qf3 Qc7 18.Bc4 Qd6 19.Rfe1
Bxd4 20.cxd4 Be6 21.Rac1 Re7 22.Bg5 Ree8 23.Bh4 b5 24.Bg3 Qd7
25.Bxd5 Bxd5 26.Qf6 Re6 27.Rxe6 Qxe6 28.Qxe6 fxe6 29.a3 Kf7 30.Bd6
Ke8 31.f4 Kd7 32.Bc5 1/2-1/2

[Event "Washington Class Championships"]
[Site "Lynnwood, WA"]
[Date "2013.11.29"]
[Round "2"]
[White "He Daniel  (WA)"]
[Black "Kelley Dereque  (WA)"]
[Result "1-0"]
[WhiteElo "2206"]
[BlackElo "2219"]
[Annotator ""]
[Source ""]
[Remark "Master"]

1.c4 Nf6 2.Nc3 e5 3.g3 d5 4.cxd5 Nxd5 5.Bg2 Nb6 6.d3 Be7 7.Nf3
Nc6 8.O-O O-O 9.Be3 Be6 10.Qc1 Nd4 11.Nxe5 c6 12.Nf3 c5 13.Qd2
h6 14.Rfc1 Nxf3+ 15.Bxf3 Nd5 16.Nxd5 Bxd5 17.Bxc5 Bxc5 18.Rxc5
Bxf3 19.exf3 Qd4 20.Rc4 Qd5 21.Kg2 Rad8 22.Rc3 Rd6 23.Qe3 a6
24.Qe4 Rfd8 25.Qxd5 Rxd5 26.Rd1 R5d6 27.b3 b5 28.a3 a5 29.f4
f5 30.d4 Rxd4 31.Rxd4 Rxd4 32.Rc5 b4 33.Rxa5 bxa3 34.Rxa3 Rb4
35.Kf3 Rb7 36.Ke3 g6 37.Kd3 Kf7 38.h4 Rd7+ 39.Kc3 Rc7+ 40.Kb2
Re7 41.Ra2 Ke6 42.Ra6+ Kd5 43.Rxg6 Re2+ 44.Ka3 Rxf2 45.Rxh6 Rg2
46.Rg6 Ke4 47.Rg5 Rg1 48.Kb4 Rd1 49.h5 Rd6 50.Rg6 Rd4+ 51.Ka5
Rd5+ 52.Ka4 Kd4 53.h6 Kc5 54.h7 Rd7 55.b4+ Kc4 56.Rc6+ Kd5 57.Rc5+
Ke4 58.h8Q 1-0

[Event "Washington Class Championships"]
[Site "Lynnwood, WA"]
[Date "2013.11.29"]
[Round "2"]
[White "Brusniak Benjamin  (WA)"]
[Black "Hosford Michael  (WA)"]
[Result "0-1"]
[WhiteElo "1669"]
[BlackElo "1924"]
[Annotator ""]
[Source ""]
[Remark "A"]

1.d4 Nf6 2.c4 Nc6 3.Nc3 e5 4.d5 Ne7 5.e4 Ng6 6.Be2 Bb4 7.Qc2
O-O 8.a3 Bxc3+ 9.bxc3 d6 10.Nf3 b6 11.O-O h6 12.a4 a5 13.Ne1
Qe7 14.f3 Bd7 15.Nd3 Rae8 16.Bd2 Nh7 17.f4 exf4 18.Nxf4 Ne5 19.Be3
Bg4 20.Bd4 Bxe2 21.Qxe2 Nf6 22.Rae1 Ned7 23.Nh5 Nxh5 24.Qxh5
Qg5 25.Qxg5 hxg5 26.Rf5 f6 27.g3 Re7 28.h4 gxh4 29.gxh4 Ree8
30.Kf2 Nc5 31.Bxc5 bxc5 32.Ke3 Rxe4+ 33.Kxe4 Re8+ 34.Kd3 Rxe1
35.Rf4 Ra1 36.Re4 Kf7 37.Kc2 Ra2+ 38.Kb1 Rh2 39.Rf4 g6 40.Kc1
f5 41.h5 Rxh5 42.Kd2 Rh2+ 43.Kd3 Ra2 44.Rh4 Kg7 45.Rf4 Rxa4 46.Kc2
Ra2+ 47.Kb3 Ra1 48.Kb2 Rg1 49.Kb3 Kf6 50.Ka4 Rg4 51.Rf3 Rxc4+
52.Kxa5 Ke5 53.Kb5 Rf4 54.Rxf4 Kxf4 55.Kc6 Ke5 56.c4 f4 0-1

[Event "Washington Class Championships"]
[Site "Lynnwood, WA"]
[Date "2013.11.29"]
[Round "2"]
[White "Yu Justin  (WA)"]
[Black "Wang James  (WA)"]
[Result "1-0"]
[WhiteElo "1852"]
[BlackElo "1709"]
[Annotator ""]
[Source ""]
[Remark "A"]

1.e4 e5 2.Nf3 Nc6 3.Bb5 a6 4.Ba4 Nf6 5.Qe2 b5 6.Bb3 Be7 7.c3
Bb7 8.O-O d6 9.d3 O-O 10.Rd1 Na5 11.Bc2 c5 12.Nbd2 Nc6 13.Nf1
Re8 14.h3 ( 14.h3 Qc7 15.g4 Nd8 16.Ng3 Ne6 17.Nf5 g6 18.Nh6+
Kg7 19.Kh2 d5 20.Rg1 c4 21.Nf5+ Kh8 22.Nxe7 cxd3 23.Nxd5 Bxd5
24.Bxd3 Nc5 25.Ng5 h6 26.Qf3 Kg7 27.exd5 Nxd3 28.Qxd3 e4+ 29.Qg3
Qxg3+ 30.Kxg3 Nxd5 31.Nxf7 Kxf7 32.Bxh6 Nb6 33.Rae1 Na4 34.Re2
Rad8 35.Rge1 Rd3+ 36.Kg2 Rh8 37.Be3 a5 38.Bd4 Re8 39.a3 b4 40.axb4
axb4 41.Rxe4 Rxe4 42.Rxe4 b3 43.Be5 Nxb2 44.Rb4 Rd2 45.Rxb3 Nd3
46.Bd4 Nf4+ 47.Kf3 Nxh3 48.Rb7+ Kf8 49.Be3 Rc2 50.Kg2 Nxf2 51.Bxf2
Rxc3 52.Bd4 Rc4 53.Bg7+ Kg8 54.Kf3 g5 55.Be5 {1-0, Hartman Christer (SWE) 2345 - Moberg Karl Johan (SWE) 2420, Katrineholm (Sweden) 1995}
) h6 15.g4 ( 15.Ng3 Bc8 16.Be3 Qc7 17.d4 exd4 18.cxd4 Bd7 19.Rac1
Rac8 20.Bb1 Na5 21.Qc2 Nc4 22.e5 dxe5 23.dxe5 Nxe5 24.Nxe5 Bxh3
25.gxh3 Qxe5 26.Re1 Bd6 27.Qe2 Rcd8 28.b3 Qd5 29.Rcd1 Qc6 30.Nf5
Nd5 31.Qf3 Qc7 32.Rxd5 Qa5 33.Red1 Bc7 34.Rxd8 Rxd8 35.Rxd8+
Bxd8 36.Qe2 Qb6 37.Qg4 Bg5 38.Bxg5 hxg5 39.Qxg5 g6 40.Ne3 Qa5
41.Qg2 Kg7 42.Qf1 Qc3 43.Qd3 Qf6 44.Ng4 Qg5 45.Kh2 f5 46.Qe3
Qd8 47.Qe5+ Kh7 48.Nf6+ Kh6 49.Nd5 {1-0, Balaskovic Sandro (CRO) - Mrdjen Vedran (CRO), Pula (Croatia) 1999}
) d5 16.Ng3 Bf8 17.Nf5 Kh7 18.g5 Ng8 19.h4 g6 20.Nxh6 Nxh6 21.gxh6
Bxh6 22.Bxh6 Kxh6 23.Qe3+ Kg7 24.Qxc5 Qf6 25.Kg2 Ne7 26.Qe3 Rac8
27.Bb3 Qc6 28.Nxe5 Qf6 29.Ng4 Qxh4 30.Qf4 Ng8 31.f3 Rcd8 32.e5
f5 33.exf6+ Nxf6 34.Rh1 Re2+ 35.Kg1 Re1+ 36.Rxe1 Qxe1+ 37.Kg2
Qe2+ 38.Kg3 Nh5+ 39.Rxh5 gxh5 40.Qf6+ Kh7 41.Qf7+ Kh8 42.Qxh5+
Kg7 43.Qg5+ Kf7 44.Qxd8 Qe1+ 45.Kf4 Qd2+ 46.Kf5 Qxd3+ 47.Kg5
Qd2+ 48.f4 1-0

[Event "Washington Class Championships"]
[Site "Lynnwood, WA"]
[Date "2013.11.29"]
[Round "2"]
[White "Whitmer Charles  (WA)"]
[Black "Ramasamy Vikram  (WA)"]
[Result "0-1"]
[WhiteElo "1645"]
[BlackElo "1581"]
[Annotator ""]
[Source ""]
[Remark "B"]

1.e4 Nf6 2.e5 Nd5 3.c4 Nb6 4.d4 d6 5.Nf3 Nc6 6.exd6 cxd6 7.Be3
Bf5 8.Bd3 Bg4 9.a3 d5 10.Nbd2 dxc4 11.Bxc4 Nxc4 12.Nxc4 Qd5 13.Nce5
Nxe5 14.dxe5 Bxf3 15.Qxf3 Qxf3 16.gxf3 g6 17.Rc1 Bg7 18.f4 O-O
19.Rc7 e6 20.Rxb7 Rfb8 21.Rxb8+ Rxb8 22.Bc1 Rb3 23.Ke2 Rh3 24.Be3
a6 25.Rc1 Bf8 26.Rc8 Kg7 27.Ra8 Rxh2 28.Rxa6 h5 29.Kf3 Rh1 30.Kg2
Rb1 31.b4 Be7 32.Ra7 Kf8 33.Ra8+ Kg7 34.Re8 Bf8 35.Rc8 Rb3 36.Ra8
Be7 37.Ra7 Bf8 38.Ra6 Be7 39.Ra7 Bf8 40.Rb7 Rxa3 41.b5 Rb3 42.Ba7
Bb4 43.b6 Rb2 44.Rc7 Ba5 45.Rb7 Be1 46.Bb8 Bxf2 47.Bc7 Bxb6+
48.Kg3 Bd4 49.Rxb2 Bxb2 50.Bd8 Kh6 51.Bg5+ Kg7 52.Kf3 Kf8 53.Ke2
Ke8 54.Kf3 Kd7 55.Ke2 Kc6 56.Kf3 Kd5 57.Bh4 Bc3 58.Bg5 Be1 59.Bf6
h4 60.Bg5 h3 0-1

[Event "Washington Class Championships"]
[Site "Lynnwood, WA"]
[Date "2013.11.29"]
[Round "2"]
[White "Roper David  (WA)"]
[Black "Haining Kyle  (WA)"]
[Result "1-0"]
[WhiteElo "2228"]
[BlackElo "2070"]
[Annotator ""]
[Source ""]
[Remark "Master"]

1.e4 g6 2.d4 Bg7 3.Nc3 d6 4.Be3 a6 5.a4 b6 6.Bc4 Bb7 7.f3 c5
8.Nge2 Nd7 9.O-O Ngf6 10.d5 O-O 11.f4 b5 12.axb5 Nb6 13.Qd3 Nxc4
14.Qxc4 Qb6 15.Kh1 axb5 16.Qd3 b4 17.Na4 Qc7 18.c4 e6 19.e5 dxe5
20.Bxc5 Rfc8 21.fxe5 Ng4 22.Bd6 Qxc4 23.Qxc4 Rxc4 24.b3 Rc2 25.Nd4
Rd2 26.Nc6 Bf8 27.Nb6 Rxa1 28.Rxa1 exd5 29.Nd8 Ba6 30.h3 Nf2+
31.Kg1 Bb5 32.Ra5 Be8 33.Rxd5 Rxd5 34.Nxd5 Nd3 35.Nf6+ Kh8 36.Bxf8
Nxe5 37.Nxe8 Nd3 38.Nf6 Ne5 39.Bxb4 Kg7 40.Bc3 Kxf6 41.Nc6 1-0

[Event "Washington Class Championships"]
[Site "Lynnwood, WA"]
[Date "2013.11.29"]
[Round "2"]
[White "Tu Robin  (WA)"]
[Black "Brown Fred  (WA)"]
[Result "1-0"]
[WhiteElo "1538"]
[BlackElo "1560"]
[Annotator ""]
[Source ""]
[Remark "C"]

1.e4 Nc6 2.d4 d5 3.Bb5 a6 4.Bxc6+ bxc6 5.e5 Bf5 6.Nf3 e6 7.O-O
Be7 8.c4 Bxb1 9.Rxb1 dxc4 10.Qa4 Qd5 11.Be3 Qb5 12.Qc2 Bb4 13.Rfc1
Ne7 14.Qxc4 O-O 15.Bg5 Qxc4 16.Rxc4 Nd5 17.Rxc6 h6 18.Bd2 Bxd2
19.Nxd2 Rfb8 20.Ne4 Rb6 21.Rxb6 cxb6 22.Rc1 Kf8 23.Rc6 Ke7 24.Nc3
Nxc3 25.bxc3 Rb8 26.Rc7+ Ke8 27.f4 a5 28.Kf2 b5 29.Ke3 b4 30.cxb4
axb4 31.Rc2 b3 32.Rb2 Kd7 33.Rxb3 Rxb3+ 34.axb3 Kc6 35.Ke4 f5+
36.exf6 gxf6 37.f5 1-0

[Event "Washington Class Championships"]
[Site "Lynnwood, WA"]
[Date "2013.11.29"]
[Round "2"]
[White "Huang Jared  (WA)"]
[Black "Hitchcock Brandon  (WA)"]
[Result "1-0"]
[WhiteElo "1154"]
[BlackElo "784"]
[Annotator ""]
[Source ""]
[Remark "E"]

1.d4 Nf6 2.c4 g6 3.Nc3 d6 4.Nf3 Bg7 5.g3 O-O 6.Bg2 Nfd7 7.O-O
Nc6 8.e4 e5 9.dxe5 Ndxe5 10.b3 f5 11.Bg5 Nxf3+ 12.Qxf3 Qxg5 13.Rad1
fxe4 14.Nxe4 Qh6 15.Qe2 Bh3 16.Nd2 Nb4 17.a3 Rae8 18.Ne4 Bxg2
19.Kxg2 Nc6 20.Qd3 Qh5 21.Rfe1 Qf5 22.Re2 Re7 23.Qe3 Rfe8 24.f3
b6 25.Rd5 Qd7 26.Qg5 Ne5 27.Kf2 Qf5 28.Qh4 Qxf3+ 29.Ke1 Nd3+
30.Kd2 Nc5 31.Rf2 Nxb3+ ( 31...Nxe4+ 32.Qxe4 Qxf2+ 33.Kc1 Qb2+
34.Kd1 Rxe4 35.Re5 R8xe5 36.c5 Re1# ) 32.Kc2 Qxe4+ 33.Qxe4 Rxe4
34.Kxb3 R4e5 35.Rd3 Re3 36.Rxe3 Rxe3+ 37.Kb4 a6 38.Rf1 Bc3+ 39.Kb3
c6 40.Rd1 Kf7 41.Kc2 Ke6 42.Rf1 d5 43.Rf8 dxc4 {?}
( 43...Be5 ) 44.Re8+ Kd5 {%02'time'} 1-0

[Event "Washington Class Championships"]
[Site "Lynnwood, WA"]
[Date "2013.11.29"]
[Round "2"]
[White "He Samuel  (WA)"]
[Black "Omori Michael  (WA)"]
[Result "1/2-1/2"]
[WhiteElo "2088"]
[BlackElo "2179"]
[Annotator ""]
[Source ""]
[Remark "Master"]

1.d4 Nf6 2.Nf3 g6 3.c4 Bg7 4.Nc3 O-O 5.e4 d6 6.h3 e5 7.d5 Na6
8.Bg5 h6 9.Be3 Nc5 10.Nd2 a5 11.g4 c6 12.Be2 a4 13.Bxc5 dxc5
14.Nxa4 b5 15.Nc3 ( 15.cxb5 cxd5 16.Nxc5 ) bxc4 16.Bxc4 cxd5
17.Nxd5 Be6 18.Nc3 Bxc4 19.Nxc4 Qb8 20.Qe2 Ne8 21.Nd5 Nc7 22.Nxc7
Qxc7 23.Ne3 Ra4 24.f3 Qa5+ 25.Kf2 Rxa2 26.Rxa2 Qxa2 27.Rc1 Rb8
28.Rc2 Bf6 29.Kg2 Bg5 30.Nc4 Bf4 31.Qf2 Qb3 32.Rc3 Qb4 33.Qe2
Rd8 34.Rd3 Rxd3 35.Qxd3 Qe1 36.b3 Kg7 37.h4 Qxh4 38.Kf1 Qh1+
39.Ke2 Qh2+ 40.Kd1 Qg1+ 41.Ke2 Bg3 42.Qd1 Qf2+ 43.Kd3 h5 44.gxh5
gxh5 45.Ne3 h4 46.Nf5+ Kf6 47.Kc4 Kg5 48.Qc1+ Bf4 49.Qd1 Bd2
50.Qh1 Be1 51.Qh3 Qc2+ 52.Kb5 Qxb3+ 53.Kc6 Qa4+ 54.Kd5 Qd7+ 55.Kc4
Qe6+ 56.Kb5 Qb3+ 57.Kc6 Qa4+ 58.Kd5 1/2-1/2

[Event "Washington Class Championships"]
[Site "Lynnwood, WA"]
[Date "2013.11.29"]
[Round "2"]
[White "Eken Winston  (WA)"]
[Black "Anthony Ralph  (WA)"]
[Result "1-0"]
[WhiteElo "1622"]
[BlackElo "1743"]
[Annotator ""]
[Source ""]
[Remark "B"]

1.e4 d6 2.d4 Nf6 3.Bd3 g6 4.Nf3 Bg7 5.O-O Na6 6.Re1 b6 7.Bb5+
Nd7 8.Qe2 Nab8 9.Nc3 a6 10.Bc4 O-O 11.Bg5 b5 12.Bb3 c5 13.a4
c4 14.Ba2 h6 15.Be3 b4 16.Nd5 Bb7 17.Bxc4 e6 18.Nxb4 Bxe4 19.Bf4
Bxf3 20.Qxf3 d5 21.c3 a5 22.Nd3 Na6 23.Bb5 Nc7 24.Bxd7 Qxd7 25.Qe3
Kh7 26.Ne5 Bxe5 27.Qxe5 Ne8 28.Qe3 Nd6 29.Qh3 Rh8 30.Qxh6+ Kg8
31.Qg5 Ne4 32.Qg4 Kg7 33.c4 Rh5 34.c5 Rah8 35.h3 Rh4 36.Qf3 R8h5
37.Be3 Rf5 38.Qe2 Qc7 39.Rac1 Ng5 40.Bxg5 Rxg5 41.Qe3 Rgh5 42.Rc3
Re4 43.Qd2 Reh4 44.c6 Kf6 45.Ree3 Ke7 46.Rc5 Kd6 47.Rb3 Rh8 48.Rb7
Qxc6 49.Rxc6+ Kxc6 50.Rxf7 Re4 51.Qc3+ Kb6 52.Qc5+ 1-0

[Event "Washington Class Championships"]
[Site "Lynnwood, WA"]
[Date "2013.11.29"]
[Round "2"]
[White "Seshadri Sridhar  (WA)"]
[Black "Le Blanc Paul  (CAN)"]
[Result "0-1"]
[WhiteElo "1674"]
[BlackElo "1894"]
[Annotator ""]
[Source ""]
[Remark "A"]

1.Nf3 d5 2.d4 c6 3.Nc3 Bf5 4.e3 e6 5.Bd3 Bxd3 6.Qxd3 Nf6 7.a3
Nbd7 8.e4 dxe4 9.Nxe4 Nxe4 10.Qxe4 Nf6 11.Qe2 a5 12.O-O Be7 13.Bf4
O-O 14.c3 Qd5 15.Rfe1 Qf5 16.Bg3 Rfd8 17.Ne5 c5 18.Rad1 cxd4
19.Rxd4 Rxd4 20.cxd4 Nd5 21.Qb5 b6 22.h3 Qc2 23.Qc6 Rc8 24.Qb5
g6 25.Nf3 Bf6 26.Qd7 Qc6 27.Qxc6 Rxc6 28.Re2 Rc1+ 29.Kh2 Rd1
30.Rc2 Kg7 31.h4 h6 32.Rc8 g5 33.hxg5 hxg5 34.Rc4 g4 35.Ne5 b5
36.Rc5 Rxd4 37.Rxb5 Re4 38.Nd7 a4 39.Nxf6 Kxf6 40.Rb7 Kg6 41.b4
axb3 42.Rxb3 Kf5 43.f3 gxf3 44.Rxf3+ Kg6 45.Bd6 Ne3 46.a4 Nf5
47.Bc7 Rxa4 48.Bb6 Rg4 49.Bf2 e5 50.Kh3 Ra4 51.g4 Nd6 52.Rd3
Ne4 53.Bh4 Rd4 54.Rxd4 exd4 55.Be1 d3 56.Kh4 d2 57.Bxd2 Nxd2
58.Kg3 Kg5 59.Kh3 Ne4 0-1

[Event "Washington Class Championships"]
[Site "Lynnwood, WA"]
[Date "2013.11.29"]
[Round "1"]
[White "Kelley Dereque  (WA)"]
[Black "He Samuel  (WA)"]
[Result "1-0"]
[WhiteElo "2219"]
[BlackElo "2088"]
[Annotator ""]
[Source ""]
[Remark "Master"]

1.d4 e6 2.c4 b6 3.a3 f5 4.Nc3 Nf6 5.d5 Ba6 6.e3 Bd6
( 6...g6 7.b4 Bg7 8.Bb2 O-O 9.Qb3 Qe7 10.Nge2 c5 11.dxc6 Nxc6
12.b5 Na5 13.Qa2 Bb7 14.Nd4 Rac8 15.a4 Rfd8 16.Ba3 Qf7 17.Bb4
e5 18.Nf3 Bxf3 19.gxf3 Nxc4 20.e4 fxe4 21.fxe4 Kh8 22.Bg2 Bf8
23.Bxf8 Qxf8 24.O-O Qb4 25.Rfc1 Qb2 26.Nd1 Qxa2 27.Rxa2 Nd6 28.Rac2
Rxc2 29.Rxc2 Rc8 30.Rxc8+ Nxc8 31.Nb2 Nd6 32.f3 Kg7 33.Kf2 Kf7
34.Ke3 Nh5 35.Bf1 Nf4 36.Bc4+ Ke7 37.Bg8 h6 38.Bb3 Nb7 39.Nc4
Kf6 40.Ba2 g5 41.Kd2 h5 42.Ke3 Ne6 43.Bb1 Nd4 44.Kf2 Nc5 45.Nb2
Nde6 46.Bc2 Nc7 47.Nc4 Ke6 48.Kg3 d5 49.Nd2 Kf6 50.exd5 Nxd5
51.h4 Ne3 52.Bb1 Nf5+ 53.Kf2 Nxh4 {0-1, Kalantarian Norik (ARM) 2437 - Shabalov Alexander (USA) 2566, Stratton Mountain (USA) 1999}
) 7.Bd3 O-O 8.Nf3 Qe7 9.O-O Ng4 10.Qc2 c6 11.b4 Bb7 12.Rb1 Na6
13.Bb2 cxd5 14.cxd5 Nc7 15.h3 Nf6 16.e4 fxe4 17.Nxe4 Ncxd5 18.Nxf6+
gxf6 19.Be4 Qg7 20.Nd4 Be5 21.Rfd1 Rac8 22.Qd2 Ba8 23.Nf5 exf5
24.Bxd5+ Bxd5 25.Qxd5+ Rf7 26.Rbc1 Re8 27.Bxe5 fxe5 28.Rc7 d6
29.Rxa7 Qf8 30.Rxf7 Qxf7 31.Qxd6 1-0

[Event "Washington Class Championships"]
[Site "Lynnwood, WA"]
[Date "2013.11.29"]
[Round "1"]
[White "Lawler Aidan  (WA)"]
[Black "Huang Jared  (WA)"]
[Result "1-0"]
[WhiteElo "946"]
[BlackElo "1154"]
[Annotator ""]
[Source ""]
[Remark "E"]

1.e4 c5 2.Nc3 Nc6 3.f4 d6 4.Bb5 Bd7 5.Nf3 a6 6.Bxc6 Bxc6 7.O-O
e6 8.d3 Nf6 9.f5 e5 10.Qe1 Qb6 11.Rb1 Be7 12.Bg5 O-O-O 13.Qg3
h6 14.Bh4 g5 15.fxg6 Rdg8 16.Qh3+ Bd7 17.Qg3 fxg6 18.Bxf6 Bxf6
19.Nd5 Qd8 20.Nxf6 Qxf6 21.Nd2 Qg5 22.Qxg5 hxg5 23.Nc4 Kc7 24.Rf6
Re8 25.Rxg6 Re6 26.Rxg5 b5 27.Ne3 Reh6 28.Nd5+ Kd8 29.h3 Bxh3
30.gxh3 Rxh3 31.Kg2 Rh2+ 32.Kf3 R8h4 33.Rg8+ Kd7 34.Rg7+ Ke8
35.Rbg1 R2h3+ 36.R1g3 Rxg3+ 37.Kxg3 Rh6 38.Kg4 Rh2 39.Kf5 Rxc2
40.Ke6 Kf8 41.Ra7 Rxb2 42.Rf7+ Kg8 43.Nf6+ Kh8 44.Rh7# 1-0

[Event "Washington Class Championships"]
[Site "Lynnwood, WA"]
[Date "2013.11.29"]
[Round "1"]
[White "Low Ethan  (CAN)"]
[Black "Mathews Dan  (WA)"]
[Result "0-1"]
[WhiteElo "1517"]
[BlackElo "1750"]
[Annotator ""]
[Source ""]
[Remark "B"]

1.e4 e6 2.d3 d5 3.Nd2 dxe4 4.dxe4 e5 5.Ngf3 Bg4 6.Be2 Bxf3 7.Bxf3
Nf6 8.O-O Be7 9.Qe2 Nc6 10.Rd1 Nd4 11.Qd3 O-O 12.c3 Nxf3+ 13.Qxf3
Qc8 14.Nc4 Qe6 15.Ne3 g6 16.Nd5 Nxd5 17.Rxd5 c6 18.Rd1 Rfd8 19.h3
Rxd1+ 20.Qxd1 Rd8 21.Qe2 f5 22.exf5 Qxf5 23.Be3 a6 24.Rd1 Rxd1+
25.Qxd1 Qe6 26.Qb3 Qxb3 27.axb3 Kf7 28.g4 Ke6 29.c4 Bf6 30.Bc1
Kd6 31.Bd2 e4 32.Bc3 Bxc3 33.bxc3 a5 34.Kf1 b5 35.cxb5 cxb5 36.Ke1
Kc5 37.Kd2 g5 38.Kc2 Kd5 39.Kd2 Ke5 40.Kc2 Kd5 41.Kd2 h6 42.Kc2
a4 43.bxa4 bxa4 44.Kb2 Kc4 45.Ka3 Kxc3 46.Kxa4 Kd2 47.Kb3 Ke2
48.Kc2 Kxf2 49.Kd2 e3+ 0-1

[Event "Washington Class Championships"]
[Site "Lynnwood, WA"]
[Date "2013.11.29"]
[Round "1"]
[White "Norovsambuu Badamkhand  (WA)"]
[Black "Sinanan Joshua  (WA)"]
[Result "1/2-1/2"]
[WhiteElo "2080"]
[BlackElo "2256"]
[Annotator ""]
[Source ""]
[Remark "Master"]

1.d4 Nf6 2.c4 e6 3.Nc3 Bb4 4.Qc2 O-O 5.Nf3 b6 6.e3 Ba6 7.Bd3
d5 8.cxd5 Bxd3 9.Qxd3 exd5 10.Bd2 c6 11.Rc1 Bd6 12.O-O Re8 13.a3
Nbd7 14.b4 b5 15.Rfe1 Ne4 16.Qc2 Rc8 17.Rcd1 f5 18.Ne2 Nb6 19.Ng3
g6 20.Ne5 Bxe5 21.dxe5 Nc4 22.Nxe4 fxe4 23.Bc3 Qe7 24.a4 a6 25.axb5
axb5 26.Ra1 Ra8 27.Rf1 Rf8 28.Qd1 Rxa1 29.Bxa1 Qe6 30.Qd4 Rf5
31.Rc1 h5 32.Bc3 Rf7 33.Ra1 Kh7 34.Ra7 Rxa7 35.Qxa7+ Kh6 36.Qb8
g5 37.Qh8+ Kg6 38.h3 Nb6 39.Bd4 Nd7 40.Kh2 h4 41.Kg1 Qe7 42.Qc8
Qe6 43.Qh8 Qe7 1/2-1/2

[Event "Washington Class Championships"]
[Site "Lynnwood, WA"]
[Date "2013.11.29"]
[Round "1"]
[White "Somisetty Praneeth  (WA)"]
[Black "Whitmer Catherine  (WA)"]
[Result "1/2-1/2"]
[WhiteElo "1025"]
[BlackElo "734"]
[Annotator ""]
[Source ""]
[Remark "E"]

1.e4 e5 2.Nf3 Nc6 3.Nc3 Nf6 4.d3 Bb4 5.Bd2 O-O 6.a3 Bxc3 7.Bxc3
d6 8.Be2 Bg4 9.h3 Bxf3 10.Bxf3 Re8 11.Qe2 d5 12.O-O-O dxe4 13.Bxe4
Nxe4 14.dxe4 Nd4 15.Bxd4 exd4 16.f3 Qg5+ 17.Kb1 c5 18.Qd2 Qxd2
19.Rxd2 Rad8 20.Re1 Rd6 21.c3 Red8 22.Red1 a5 23.e5 R6d7 24.cxd4
cxd4 25.Rd3 Rd5 26.Ka2 b5 27.Kb3 a4+ 28.Kb4 h6 29.f4 Kf8 30.g3
f5 31.e6 Ke7 32.Re1 Rc8 33.h4 Rc4+ 34.Ka5 Rc6 35.Red1 Rcd6 36.b3
axb3 37.Rxb3 Rxe6 38.Rxb5 Rxb5+ 39.Kxb5 d3 40.Kc5 d2 41.a4 Re3
42.a5 Rxg3 43.a6 Ra3 44.Kb6 Rb3+ 45.Ka7 1/2-1/2